Hacia el 65° aniversario del Manifiesto de Córdoba, 21 de junio de 1983

Guardat en:
Dades bibliogràfiques
Autor corporatiu: Unión Internacional de Estudiantes
Format: Text
Publicat: s.l.: Unión Internacional de Estudiantes
Etiquetes: Afegir etiqueta
Sense etiquetes, Sigues el primer a etiquetar aquest registre!

MARC

LEADER 00000 a a2200000 04500
001 23256
003
040
090 |a 160400  
110 |a Unión Internacional de Estudiantes  
245 |a Hacia el 65° aniversario del Manifiesto de Córdoba, 21 de junio de 1983  
260 |a s.l.:   |b Unión Internacional de Estudiantes  
300 |a s. p.  
999 |c 10430  |d 10430